000 00509nam a2200181Ia 4500
008 230524s9999 xx 000 0 und d
020 _a9780070671188
082 _a621.39
_bOZA
100 _aBhubenesh A Oza
_942804
245 0 _aPower System Protection and Switchgear
250 _a9
260 _aNew Delhi
_bTMH
_c2015
300 _a"XVIII,476p;"
500 _aQuantity Number: 1
650 _aElectrical
700 _a" Nirmal Kumar C Nair , Rashesh P Mehta , Vijay H Makwana"
_942805
942 _cBK
999 _c57781
_d57781